01212nam a2200205Ia 4500008004100000020001800041050001800059100002200077245010000099260002100199300002200220500011100242505026200353650002100615700004400636952010700680952009500787952010700882999001700989121028s9999 xx 000 0 und d a968-26-1138-5 aHD31 G36 1994 aGANNON, Martin J. aAdministración : por resultados / Martin J. Gannon ; traducción de Alberto García Mendoza aMéxico : CECSA axxvii, 685 pág. aBibliografía recomendada por tema Traducción de la obra en inglés: Management: management for result aPrefasio I. Evolución del campo de la administración 1. Contrastes de perfiles del trabajo administrativo 2. Perspectiva de la administración II. Planeación y toma de decisiones 3. Toma de decisiones en los niveles gerenciales y de grupo 4. El proce aAdministración aGarcía Mendoza, Alberto, tr. II.t.Ì 00104070a14b14d2009-05-25l1oHD31 G36 1994p14 002354r2013-10-03s2013-10-02t1w2012-10-28yLB 00104070a14b14d2009-05-25l0oHD31 G36 1994p14 002355r2012-10-28t2w2012-10-28yLB 00104070a14b14d2009-05-25l2oHD31 G36 1994p14 002356r2017-01-09s2017-01-09t3w2012-10-28yLB c84884d84884